000 01259nam1a2200313 4500
001 RU\NLR\BIBL_A\022726845
005 20260412095107.0
035 _a(NLR Aleph) 022726845
090 _a13654065
_c13654065
100 _a20260412 rusy50
101 0 _arus
102 _aRU
105 _aa z 000za
181 0 _ai
_baxxe
182 0 _an
200 1 _aЖить в эпоху перемен
_eраспад Советского Союза и становление Российской Федерации глазами очевидца
_fАнатолий Чепиков
203 _aТекст
_bвизуальный
_cнепосредственный
210 _aБарнаул
_cНовый формат
_d2025-
215 _d21
607 _aСССР
_xРаспад государства
_xПоследствия
_92499477
_3RU\NLR\AUTH\6601698113
607 _aРоссийская Федерация
_xИстория
_z1990 - 2000-ые гг.
_92613314
_3RU\NLR\AUTH\661549872
686 1 _aТ3(2)74-08
686 1 _aТ3(2)74,02
700 1 _aЧепиков
_bА. В.
_gАнатолий Владимирович
852 _aNLR
_j2026-3/2820
942 _cBOOK
980 _aNB